[Event "Mainz m"]
[Site "Mainz"]
[Date "2004.08.08"]
[Round "8"]
[White "Shirov, Alexei"]
[Black "Anand, Viswanathan"]
[Result "1/2-1/2"]
[WhiteElo "2725"]
[BlackElo "2782"]
[Annotator "Lukacs,P"]
[PlyCount "126"]
[EventDate "2004.08.05"]
[EventType "match (rapid)"]
[EventRounds "8"]
[EventCountry "GER"]
[SourceTitle "CBM 103"]
[Source "ChessBase"]
[SourceDate "2004.11.11"]
[SourceVersion "1"]
[SourceVersionDate "2004.11.11"]
[SourceQuality "1"]

1. e4 e5 2. Nc3 Nc6 3. g3 Bc5 4. Bg2 d6 5. d3 h5 $5 {This is the aggressive
continuation immediately fighting against White's fianchetto setup} 6. h3 {
against h5-h4.} (6. Na4 Bg4 {provoking} 7. f3 {and then} Be6 8. Nxc5 (8. Ne2 h4
9. Nxc5 dxc5 {In these situations Black gives up the ^^ but gets a strong
pressure in the [+] especially against >< d4.} 10. f4 (10. Be3 $6 h3 (10... Nd4
$5) 11. Bf1 Qe7 12. g4 O-O-O $15 {and Black has a strong [+], and a big lead
of development, Mieses-Marshall, Berlin 1908.}) 10... Bg4 $1 $132) 8... dxc5 9.
f4 $5 {looks more active than the previous variation.} exf4 10. Bxf4 Qd7 {
/\ 0-0-0}) (6. Be3 Nge7 (6... h4 $5 {looks consequent.}) 7. Qd2 f6 (7... h4 {
is again logical.}) 8. f4 Be6 9. O-O-O Qd7 10. Nge2 O-O-O 11. d4 exd4 12. Nxd4
Nxd4 13. Bxd4 Bg4 14. Rde1 Bxd4 15. Qxd4 Nc6 16. Qa4 Bh3 $11 {Windt-Sieg,
Germany 1988}) 6... a6 {against Na4.} (6... Be6 7. Nf3 $142 (7. Na4 Qd7 (7...
Qe7 8. Nf3 O-O-O) 8. Nxc5 dxc5 9. Be3 b6 10. f4 f6 {Black has to keep the
position closed against White's ^^.} 11. Nf3 Nge7 (11... Qd6 12. Qd2 O-O-O 13.
O-O Nge7 14. fxe5 fxe5 (14... Nxe5 15. a4) 15. Ng5 $14 {Olivares-C.Sanchez,
Havana 2000}) 12. fxe5 Nxe5 13. Nxe5 fxe5 14. Qe2 O-O-O 15. Bg5 Rdf8 16. c3 Ng6
(16... Nc6 17. b3 Kb7 18. O-O-O a5 $11 {and the white ^^ has no bright future,
Shutzman-Bykhovsky, Tel Aviv 2002.}) 17. h4 (17. Bf3 h4 $15) 17... Bg4 18. Qe3
Rf7 $13) 7... h4 $5 (7... a6 8. O-O (8. Ng5 {is not so dangerous because of
the simple} Bd7) 8... Qd7 9. Ng5 {Now it is much stronger than before.} h4 10.
g4 O-O-O 11. Nd5 $14) (7... Qd7 8. Na4 O-O-O 9. Ng5 $14 {exchanging both
bishops.}) 8. g4 (8. Nxh4 {is met by the typical positional exchange sacrifice}
Rxh4 $1 9. gxh4 Qxh4 10. Rf1 O-O-O {with a nice compensation for the
sacrificed exchange.}) 8... f6 9. Be3 (9. Na4 a6 $142 (9... Nge7 10. c3 Bb6 11.
Nxb6 axb6 12. O-O $14) 10. Nxc5 dxc5 $13 {with enough pressure on the dark
squares.}) 9... Qd7 10. Qd2 O-O-O 11. O-O-O {(Saenger-Schulenburg, Germany
2000)} Nge7 $13) (6... h4 {is certainly met by} 7. g4 {and the fight for the
dark squares begins.} Be6 8. Nge2 (8. f4 exf4 9. Bxf4 Nge7 10. Nge2 Ng6 11. Bh2
Nd4 (11... Be3 $5) 12. Qd2 Qd7 13. O-O-O O-O-O 14. Kb1 Kb8 15. Rhf1 (15. Nxd4
Bxd4 16. Bg1 Bxg1 17. Rhxg1 {/\ d4}) 15... Qc6 16. Nd5 Nxe2 17. Qxe2 Qa6 18.
Qd2 Bd4 19. c3 Be5 $11 {Marinkovic-Markovic, Belgrade-A 1991}) 8... Nge7 (8...
Qf6 9. Rf1 O-O-O 10. f4 $14) 9. f4 exf4 10. Nxf4 Qd7 11. Ncd5 $14 {/\ c3, d4
gaining control over the [+].}) 7. Be3 Bxe3 8. fxe3 {This P structure is not
really favourable for White, he can advance by d4, but after that it is not
easy to continue the plan.} Be6 (8... Qg5 9. Qf3 Be6 $13) 9. Nf3 Nce7 (9... Nf6
$5 10. d4 (10. Ng5 Qe7 11. Nxe6 (11. Nd5 $2 Nxd5) 11... fxe6 $13) 10... exd4 {
/\ d5 fighting back in ther [+], otherwise the opening of the position would
help only for White.} 11. exd4 d5 12. exd5 (12. e5 Ne4 $13) 12... Nxd5 13. Qd2
Nxc3 $1 (13... Qe7 14. O-O O-O-O 15. Ng5) 14. bxc3 (14. Qxc3 Qd6) 14... Qd6 15.
Qf2 O-O-O $13 {and White has many weaknesses in his camp.}) (9... Nge7 10. Ng5)
10. d4 (10. Ng5 Nf6) 10... Ng6 11. Qe2 Qe7 12. O-O-O Nf6 13. Ng5 O-O-O 14. Rhf1
(14. Nxe6 fxe6 (14... Qxe6 15. h4 Kb8 16. Bh3 Qe8 17. Rhf1 $14) 15. h4 {
/\ Bh3 would have changed the P structure for White's favour.} Kb8 16. Bh3 $14)
14... h4 $1 15. g4 {Now the g2 B is entombbed.} Kb8 16. Kb1 (16. Nxe6 fxe6 17.
Kb1 Rhf8 $11) 16... Rdf8 17. Nf3 {White's play is a bit sophysticated.} (17.
Nxe6 fxe6 $11 {was much simpler.}) 17... Nh7 {/\ Ng5} 18. Nd2 Ng5 19. Nb3 Bxb3
20. axb3 c6 $15 21. b4 Qc7 22. b3 Qb6 23. Qc4 Rc8 24. Kb2 f6 {White has to
play carefully, because in the _|_ Black has a good N versus a bad B.} 25. Ra1
Rhd8 26. Ra4 Rd7 27. Qd3 Rdc7 28. Rf2 Ne7 29. Rd2 c5 $5 (29... Rd7 $15) 30.
dxc5 dxc5 31. b5 Nf7 (31... c4 $5 32. bxc4 Rc5 $13) 32. Qc4 (32. bxa6 c4 $1 $15
) 32... Nd6 33. Rxd6 $5 {This is an interesting positional exchange sacrifice
in order to change the course of the game.} (33. Qe6 Rd8 $15) 33... Qxd6 34.
bxa6 $44 Rd7 (34... Qc6 35. axb7 Rxb7 $13) 35. Bf1 {Finally the B comes into
play.} (35. axb7 Rxb7 36. Nd5 Nxd5 37. exd5 $44) 35... Rcd8 36. axb7 Rxb7 37.
Ra6 Rb6 38. Rxb6+ Qxb6 39. Qf7 Nc6 40. Qxg7 Nb4 $1 {/\ Rd2} 41. Bc4 (41. g5 Rd2
$1 $132) 41... Rd2 42. Qf8+ Rd8 43. Qf7 Rd2 44. Nd5 $5 {White now wants more
than a draw.} (44. Qf8+ Rd8 $11 {with repetition of moves.}) 44... Rxc2+ (44...
Qd8 45. Nxb4 (45. Qh7 Rxc2+ 46. Kb1 Rd2 $11) 45... cxb4 46. Bd5 Qc8 $11) 45.
Kb1 Qd6 $2 ({The Q _|_ after} 45... Nxd5 46. Kxc2 Nxe3+ 47. Kd3 Nxc4 $11 {
was still drawish.}) 46. Qe8+ Kb7 47. Qb5+ $2 ({missing (probably already in
time trouble) the forceful} 47. Ba6+ $1 Ka7 (47... Nxa6 $2 48. Qf7+ Kc6 49.
Kxc2 Nb4+ 50. Kc3 $18) (47... Kxa6 $4 48. Qa8+ Kb5 49. Qa4#) 48. Bc8 Nxd5 49.
exd5 $18) 47... Ka7 48. Qa4+ Kb8 49. Ba6 (49. Qe8+ Ka7 $11) 49... Nxd5 50. exd5
Rh2 51. Qb5+ Kc7 52. Qb7+ Kd8 53. Qc8+ Ke7 54. Bb5 Kf7 55. Be8+ Kg8 56. Bh5+
Qf8 57. Qe6+ (57. Qc7 Qg7 $1 (57... Kh8 $2 58. Bg6 Qg8 59. Be4 $18) 58. d6 Qh7+
59. Qxh7+ Kxh7 60. Kc1 Ra2 $15) 57... Kg7 58. d6 (58. g5 Rf2) 58... Qg8 59.
Qe7+ Kh8 60. Qxf6+ Qg7 61. Qd8+ (61. Qe6 {was also not enough for a win:} e4 $1
62. Qe8+ Kh7 (62... Qg8 $2 63. d7 Rd2 64. Bf7) 63. Qxe4+ Kh8 64. Qe8+ Kh7 65.
Qe7 Kh8 66. Qxg7+ Kxg7 67. d7 Rd2 68. Be8 Kf6 69. Kc1 Rd5 70. Kc2 (70. e4 Rd4
$11) 70... Ke7 71. e4 Rd4 $11) 61... Qg8 62. Qf6+ Qg7 63. Qd8+ Qg8 {and draw
by repetition of moves.} 1/2-1/2

[Event "Sao Paulo"]
[Site "Sao Paulo"]
[Date "2004.08.21"]
[Round "4"]
[White "Anand, Viswanathan"]
[Black "Milos, Gilberto"]
[Result "1-0"]
[WhiteElo "2782"]
[BlackElo "2601"]
[Annotator "Wedberg,T"]
[PlyCount "45"]
[EventDate "2004.08.20"]
[EventType "tourn (rapid)"]
[EventRounds "10"]
[EventCountry "BRA"]
[EventCategory "16"]
[SourceTitle "CBM 103"]
[Source "ChessBase"]
[SourceDate "2004.11.11"]
[SourceVersion "1"]
[SourceVersionDate "2004.11.11"]
[SourceQuality "1"]

1. e4 e5 2. Nf3 Nc6 3. Bb5 Nf6 4. O-O d6 5. d4 ({In the book "Opening for
White according to Anand" by Khalifman the move} 5. Re1 {is given (plan c3 and
d4). Anand has another opinion and opts for the old Steinitz variation.}) 5...
Bd7 6. Nc3 Be7 7. Bxc6 Bxc6 8. Re1 ({The day before Anand played} 8. Qd3 {
against Vescovi.}) 8... exd4 9. Nxd4 Bd7 10. h3 O-O 11. Qf3 $1 {[%mdl 4] A
good square for the Q in this line. It supports Nf5 and it gets out of the way
of the R:s in the centre.} (11. b3 Re8 12. Bb2 Bf8 13. f4 c5 14. Nf3 Bc6 15.
Qd3 d5 $11 {0-1 Plaskett,J-Rivas Pastor,M/Groningen 1979/EXT 2001 (40)}) (11.
Be3 c6 12. Qf3 Ne8 13. Rad1 g6 14. Bh6 Ng7 15. Qe2 Re8 16. Bxg7 Kxg7 17. Qd3
Qa5 $11 {1/2-1/2 Lasker,E-Steinitz,W/London 1899/HCL (25)}) 11... Re8 (11... c6
12. Bf4 Qb6 13. Rad1 Rad8 14. b3 Rfe8 15. Re3 Bc8 16. Red3 h6 17. Nde2 Qc7 18.
Ng3 $14 {1-0 Lanka,Z-Callergard,R/Jyvaskyla 1991/EXT 2002 (28)}) 12. Bf4 c6 {
This produces an uncomfortable weakness on d6. But Black needs space - as
always in this line.} 13. Rad1 Qb6 14. Nb3 a5 $2 (14... c5 $5 {Why not?} 15.
Rd2 a5 $132) 15. Bxd6 $1 {I believe Black is lost after this.} Bxd6 16. Rxd6 a4
17. Nd2 Qxb2 18. e5 Qxc2 (18... Bc8 19. Rb1 Qa3 (19... Qxc2 20. exf6) 20. Nc4
Qc5 21. exf6 Qxc4 22. Qg3 g6 23. Qe3 $1 $18) 19. Re2 $18 {Winning a piece.} Bf5
20. exf6 Rxe2 21. Nxe2 Bg6 22. a3 Re8 23. Qe3 $1 1-0

[Event "Sao Paulo"]
[Site "Sao Paulo"]
[Date "2004.08.22"]
[Round "6"]
[White "Anand, Viswanathan"]
[Black "Morovic Fernandez, Ivan"]
[Result "1-0"]
[WhiteElo "2782"]
[BlackElo "2573"]
[Annotator "Ribli,Z"]
[PlyCount "49"]
[EventDate "2004.08.20"]
[EventType "tourn (rapid)"]
[EventRounds "10"]
[EventCountry "BRA"]
[EventCategory "16"]
[SourceTitle "CBM 103"]
[Source "ChessBase"]
[SourceDate "2004.11.11"]
[SourceVersion "1"]
[SourceVersionDate "2004.11.11"]
[SourceQuality "1"]

1. e4 c5 2. Nf3 e6 3. d4 cxd4 4. Nxd4 Nc6 5. Nc3 a6 {Diese Variante wird
heutzutage weniger gespielt, die Fortsetzung 5...Qc7 ist viel populärer, aber
Schwarz kann auch 5...Nf6, oder 5...d6 spielen.} 6. Nxc6 {Dieser
Springertausch ist die prinzipielle Fortsetzung in dieser Stellung, aber 6.Be2,
oder 6.Be3 sind auch möglich.} bxc6 7. Bd3 (7. e5 {Dieser Zug scheint auf den
ersten Blick zu früh, aber Weiss möchte im Zentrum Raum gewinnen und im Falle
von 7...d5 8.exd6 die bessere Bauernstruktur haben.}) 7... d5 8. O-O Nf6 9. Re1
(9. Qe2 Be7 10. b3 O-O 11. Bb2 Bb7 12. Na4 Qc7) 9... Bb7 10. Bf4 {Dieser
Läuferzug ist heutzutage das letzte Wort in der Eröffnungstheorie, Weiss
möchte die Zentrumspannung halten und spielt (noch) nicht 10.e5. Die
Alternativen sind 10.b3, 10.e5, 10.Qf3 und 10.Bg5.} (10. Qf3 Be7 11. Qg3 Kf8
12. Bd2 a5 13. Rad1 h5 14. h3 h4 15. Qf3 Kg8 16. Bf4 a4 17. a3 Nd7 18. Qg4 Nf6
19. Qf3 Nd7 $11 {1-0 De Vreugt,D-Bruzon,L/Santo Domingo DOM 2003/(66)}) 10...
Be7 11. Qf3 {[%csl Gf3][%cal Gf3g3,Gf3h3] Die weisse Dame kommt ins Spiel.
Schwarz muss im folgenden entweder mit Qg3 oder mit Qh3 rechnen.} (11. e5 Nd7
12. Na4 c5 13. c4 d4 (13... dxc4 14. Bxc4 Qc7 15. Rc1 Rd8 16. Bf1 Qc6 17. Qc2 {
1-0 Morozevich,A-Ivanchuk,V/Monte Carlo 2003/CBM 93 ext (44)}) 14. b3 (14. Qg4
Qa5 15. b3 g5 16. Bxg5 Rg8 17. h4 h6 18. Bh7 O-O-O 19. Bxg8 Rxg8 20. Qf4 hxg5
21. Qxf7 Qd8 22. Qxe6 Kb8 {0-1 Kurnosov,I-Kalegin,E/Voronezh RUS 2004/(60)})
14... Bg5 15. Qg4 (15. Bg3 Bh4 16. Qg4 Bxg3 17. Qxg3 g6 18. Be4 Rb8 19. Bxb7
Rxb7 20. Re4 Kf8 21. h4 Rg8 22. Rae1 h5 23. Rf4 Qe7 24. Nb2 Kg7 25. Ree4 a5 {
1/2-1/2 Short,N-Rublevsky,S/Moscow 2002/CBM 91 (68)}) 15... Bxf4 16. Qxf4 h6
17. Be4 Bxe4 18. Qxe4 a5 19. Rad1 g6 20. Rd3 Kf8 21. Rg3 Kg7 22. h4 h5 23. Rg5
Ra7 24. Rd1 Qa8 25. Qf4 {1-0 Nijboer,F-Rublevsky,S/Bled 2002/EXT 2003 (37)})
11... Qa5 $146 {Es ist interessant anzumerken, dass Anand diese Variante auch
mit Schwarz spielt. Wahrscheinlich ist die Alternative 11...0-0 sicherer.} (
11... O-O 12. Rad1 Nd7 13. Na4 Nb6 (13... Nc5 14. Nxc5 Bxc5 15. c4 Qb6 16. b4
Be7 17. c5 Qxb4 18. Rb1 Qa5 19. exd5 cxd5 20. Re3 Bc6 21. Qh5 g6 22. Qh6 Bf6
23. Rh3 {1-0 Todorovic,G-Stojanovic,D/Budva 2002/EXT 2003 (28)}) 14. Nxb6 Qxb6
15. b3 c5 16. exd5 Bxd5 17. Qh3 g6 18. Be5 Rfe8 19. Re3 Bf8 20. Qh4 {1/2-1/2
Svidler,P-Anand,V/Cap d'Agde 2003/CBM 98 (53)}) 12. a3 $1 {[%mdl 4] Mit diesem
kleinen Zug sichert Weiss den Damenflügel und kann später in einigen Varianten
b2-b4 ziehen.} (12. exd5 cxd5 13. Be5 O-O 14. Qh3 g6 $11 {Weiss hat
Angriffschancen am Königsflügel, aber die schwarze Stellung ist fest.}) 12...
d4 (12... O-O 13. Qh3 (13. e5 Nd7 14. Qh3 g6 15. Ne2 c5 16. c4 dxc4 17. Bxc4
Nb6) 13... g6 14. b4 Qd8 15. Rab1 $14) 13. e5 {Dieser Zug führt zu
Komplikationen, welche eigentlich für Weiss vorteilhaft sind.} (13. Ne2 e5 $11)
13... dxc3 14. exf6 (14. b4 Qd5 15. exf6 Qxf3 16. fxg7 Rg8 17. gxf3 Rxg7+ 18.
Kf1 $11) 14... cxb2 (14... Bxf6 15. b4 Qb6 16. Qg3 O-O 17. Bd6 $44 {[%csl Rb7,
Gd3,Gd6,Gg3] Weiss hat eine aktive Figurenstellung und der b7B ist
eingeschlossen - das ist eine ausreichende Kompensation für den Bauern.}) 15.
fxe7 $5 {[%mdl 512] Weiss opfert die Qualität und bekommt dafür eine
dauerhafte Initiative, besonders die schwarzen Felder werden in der schwarzen
Stellung schwach.} bxa1=Q 16. Rxa1 Kxe7 $2 (16... Qc5 17. Qg3 Qxe7 18. Qxg7 Rf8
19. Rb1 $44) 17. Rb1 $40 {[%csl Gb1,Rb7,Gd3,Re7,Gf3,Gf4]} Bc8 (17... Ra7 18.
Qg3 $18 {[%cal Rf4b8,Rb8a7]}) 18. Qg3 {[%csl Re7][%cal Rg3g7,Rf4d6,Rd6e7]} Kf8
(18... Qc5 19. Be3 Qd5 20. Qxg7 Rf8 21. Be4 $1 Qxe4 22. Bc5+ $18) 19. Bd6+ Kg8
20. Be5 g6 21. Qg5 $18 {[%csl Rg8][%cal Rg5f6,Re5h8] Der Materialvorteil hat
für Schwarz keine Bedeutung mehr, da sich sein König im Mattnetz befindet.} h6
22. Qf6 Rh7 23. Bxg6 $1 fxg6 24. Qxg6+ Kf8 25. Bd6+ {Eine weitere
ausgezeichnete Angriffspartie von Anand!} (25. Bd6+ Re7 26. Qf6+ Kg8 27. Qxe7
$18) 1-0

[Event "Sao Paulo"]
[Site "Sao Paulo"]
[Date "2004.08.23"]
[Round "7"]
[White "Vescovi, Giovanni P"]
[Black "Anand, Viswanathan"]
[Result "0-1"]
[WhiteElo "2648"]
[BlackElo "2782"]
[Annotator "Huebner,R"]
[PlyCount "76"]
[EventDate "2004.08.20"]
[EventType "tourn (rapid)"]
[EventRounds "10"]
[EventCountry "BRA"]
[EventCategory "16"]
[SourceTitle "CBM 103"]
[Source "ChessBase"]
[SourceDate "2004.11.11"]
[SourceVersion "1"]
[SourceVersionDate "2004.11.11"]
[SourceQuality "1"]

1. d4 d5 2. Nf3 Nf6 3. c4 c6 4. Nc3 dxc4 5. a4 Bf5 6. Ne5 Nbd7 7. Nxc4 Nb6 8.
Ne5 a5 9. g3 e6 10. Bg2 Bb4 11. O-O h6 12. f3 $6 {Üblich ist mit Grund} (12. e3
) 12... O-O $6 {Stärker ist} (12... Bc2 13. Nxc6 (13. Qd2 {kostet einen Bauern:
} Bxa4) (13. Nxf7 Bxd1 14. Nxd8 Bxe2 15. Nxe6 (15. Nxe2 Rxd8 16. Nf4 Kf7 {
ist angenehm für Schwarz.}) 15... Bxf1 16. Nc7+ Kf7 17. Nxa8 Bxg2 18. Nxb6 Bxf3
{mit Vorteil für Schwarz.}) 13... Bxd1 14. Nxd8 Bxe2 15. Nxf7 (15. Nxe2 Rxd8 {
mit besserer Stellung für Schwarz.}) 15... Bxc3 (15... Bxf1 16. Nxh8 Bxg2 17.
Kxg2 {führt zu etwa gleichem Spiel.}) 16. Nxh8 Bxd4+ 17. Kh1 Bxf1 18. Bxf1 g5 {
mit Vorteil für Schwarz.}) 13. e4 Bh7 14. Be3 Nfd7 15. Qe2 (15. Nd3 $5 {
kommt in Betracht, ebenfalls}) (15. Nxd7 $5) 15... Nxe5 16. dxe5 Nd7 17. Rfd1
Qe7 18. f4 Rfd8 19. Qf2 $6 ({Besser gefällt mir} 19. h3 {nebst Kg1-h2.}) 19...
f6 20. Na2 $2 ({Nach} 20. exf6 Nxf6 {droht Schwarz sowohl Sf6-g4 wie Lb4xc3,
aber mit} 21. Rxd8+ Rxd8 22. Qe2 {kann Weiß den Schaden in Grenzen halten,
denn nun scheitert} Bxc3 23. bxc3 Nxe4 {an} 24. Bxe4 Bxe4 25. Bb6) 20... fxe5
21. Nxb4 axb4 22. f5 $2 {Dieser Bauer wird auch noch schwach.} (22. fxe5 {
bietet viel bessere Rettungsaussichten:} Nxe5 23. Bc5 Qg5 24. Rxd8+ Qxd8 (24...
Rxd8 25. Rf1 Bg6 26. Bxb4 Nd3 27. Qb6) 25. Rf1 {usw.}) 22... Nf6 23. h3 Rxd1+
24. Rxd1 Rd8 25. Rxd8+ Qxd8 26. Qc2 exf5 27. Qc4+ (27. exf5 Kh8 $17) 27... Kh8
28. Qxb4 Qd3 29. Kf2 (29. Ba7 Qxg3 30. Qxb7 {muß versucht werden.}) 29... f4
30. gxf4 exf4 31. Qf8+ (31. Bxf4 Bxe4 32. Qd2 Qc4 {ist auf die Dauer ebenfalls
hoffnungslos.}) 31... Bg8 32. Bxf4 Qd4+ 33. Kg3 Qg1 34. Kf3 Nxe4 35. Be3 Qd1+
36. Kf4 g5+ 37. Kf5 Qd7+ 38. Kg6 Qe6+ 0-1

[Event "Sao Paulo"]
[Site "Sao Paulo"]
[Date "2004.08.23"]
[Round "8"]
[White "Anand, Viswanathan"]
[Black "Karpov, Anatoly"]
[Result "1-0"]
[WhiteElo "2782"]
[BlackElo "2682"]
[Annotator "Ftacnik,L"]
[PlyCount "77"]
[EventDate "2004.08.20"]
[EventType "tourn (rapid)"]
[EventRounds "10"]
[EventCountry "BRA"]
[EventCategory "16"]
[SourceTitle "CBM 103"]
[Source "ChessBase"]
[SourceDate "2004.11.11"]
[SourceVersion "1"]
[SourceVersionDate "2004.11.11"]
[SourceQuality "1"]

1. e4 c5 2. Nf3 e6 3. d4 cxd4 4. Nxd4 Nc6 5. Nc3 Qc7 6. Be2 Nf6 7. O-O a6 8.
Kh1 Be7 9. f4 d6 10. Be3 O-O 11. Qe1 Nxd4 12. Bxd4 b5 13. a3 Bb7 14. Qg3 Bc6
15. Rae1 Rae8 16. Bf3 Kh8 17. b4 $5 $146 {Smart new move is fixating the pawn
structure on the queenisde, since black might face problems in the potential
endgame.} (17. e5 dxe5 18. Bxe5 (18. fxe5 Nd7 19. Ne4 Bxe4 20. Bxe4 f5 21. exf6
Qxg3 22. hxg3 Bxf6 23. c3 {1-0 Arutunian,D-Morchiashvili,B/Batumi 2001/ (45)})
18... Qb6 (18... Bd6 19. Bxf6 gxf6 20. Qh4 Be7 21. f5 Bd8 22. Rd1 Bxf3 23. Rxf3
{1-0 Spasov,V-Stefansson,H/Tanta 2001/ (54)}) 19. Ne4 Bxe4 20. Bxe4 Rd8 21. f5
Bd6 22. fxe6 fxe6 23. Bxd6 Nxe4 24. Qe5 Nxd6 25. Qxe6 Nc4 26. Qe7 Rxf1+ 27.
Rxf1 Qf6 {1-0 Martic,I-Podinic,V/Subotica 2000/ (27)}) (17. Re2 Qb7 (17... a5
18. e5 dxe5 19. fxe5 Ng8 20. Bxc6 Qxc6 21. Ne4 Qc4 22. Qe3 f5 23. Nd6 Bxd6 24.
exd6 Nf6 25. Bxf6 Rxf6 26. Qe5 {1-0 Mista,A-Stoma,P/Polanica Zdroj 2004/ (30)})
18. e5 dxe5 19. fxe5 Ng8 20. Bxc6 Qxc6 21. Qf3 Qxf3 22. Rxf3 Nh6 23. Ne4 Nf5
24. Rd3 Rc8 25. Bc3 Rfd8 26. Red2 h5 {1/2-1/2 Fazulyanov,S-Poluljahov,A/St
Petersburg 2001/ (26)}) (17. Re3 Rd8 18. Rfe1 Rd7 19. Be2 Rg8 20. Bd3 Nh5 21.
Qg4 Nxf4 22. Qxf4 e5 23. Qxf7 Bh4 {0-1 Koch,J-Bellaiche,A/Belfort 2004/ (70)})
(17. Nd1 Rg8 18. Nf2 Nd7 19. Bh5 Ref8 20. Ng4 Bf6 21. Bxf6 Nxf6 22. Nxf6 gxf6
23. Qc3 e5 24. fxe5 fxe5 25. Bxf7 Rxf7 26. Rxf7 Qxf7 27. Qxc6 Qf2 {1/2-1/2
Lautier,J-Dorfman,J/Val d'Isere 2004/ (43)}) 17... Bd8 $2 (17... Rc8 18. e5
dxe5 19. fxe5 Ne8 20. Ne4 $14) 18. e5 dxe5 19. fxe5 (19. Bxe5 Qc8 20. Ne4 Be7
21. f5 exf5 22. Nxf6 Bxf6 23. Bxf6 gxf6 24. Qd6 Rxe1 25. Rxe1 Re8 26. Qxf6+ Kg8
$14) 19... Nd7 (19... Nd5 20. Ne4 Be7 21. Nd6 Ra8 22. Rc1 $16) 20. Ne4 Bxe4 {
Karpov pays dearly for his horrible 17th move, Anand now appreciates pleasant
advantage of the bishop's pair.} (20... Re7 21. Re3 Bd5 22. Rc3 Qb8 23. Nc5 $16
) 21. Bxe4 Qc4 (21... f6 22. Qh3 f5 23. Bd3 Qc6 $14) (21... f5 22. Bd3 Be7 $14)
22. Ba1 f5 23. exf6 Bxf6 (23... Nxf6 24. Bd3 Qc7 25. Qh3 e5 26. Bg6 Re7 27.
Bxh7 $18) 24. Bd3 Qd5 25. Qh3 $1 {The defender now has to weaken his kingside
structure to a tragic degree.} h6 (25... g6 26. Bxg6 $18) 26. Qg4 Kg8 (26...
Qg5 27. Qe4 Kg8 28. Re3 $18) 27. Qg6 Qg5 28. Qe4 (28. Qh7+ Kf7 29. c4 Ke7 (
29... bxc4 30. Bxc4) 30. Bg6 $1 $18) 28... h5 (28... g6 29. Qxg6+ Qxg6 30. Bxg6
$16) 29. Bd4 (29. c4 $18) 29... Kf7 (29... Qg4 30. Qh7+ Kf7 31. Re4 Rh8 32.
Rxg4 Rxh7 33. Bg6+ Ke7 34. Bxf6+ Nxf6 35. Rg5 $18) 30. c4 $1 {[%mdl 32] White
dominates on all parts of the board (a rare situation), black has no power to
stop the rot on the queenside.} (30. Bxf6 Nxf6 31. Qb7+ (31. Rxf6+ Kxf6 32.
Qf3+ Ke7 33. Qb7+ $18) 31... Kg8 32. Qxa6 $18) 30... h4 31. Be3 (31. Bxf6 Nxf6
32. Rxf6+ Qxf6 (32... Kxf6 33. Rf1+ Ke7 34. Qb7+ Kd8 35. Rd1 $18) 33. Rf1 $18)
31... Qh5 (31... Qe5 32. Rxf6+ $1 Qxf6 (32... gxf6 33. Qh7#) (32... Kxf6 33.
Bd4) 33. Rf1 $18) 32. Be2 Qe5 (32... Qg6 33. Qxg6+ Kxg6 34. cxb5 axb5 35. Bxb5
$18) 33. Qxe5 Nxe5 34. cxb5 axb5 35. Bc5 (35. Bxb5 Rb8 36. a4 $18) 35... Rh8
36. Bxb5 Rb8 37. a4 {Two bishops are supported by the connecetd passed pawns,
black does not have a trace of compensation.} Ng6 38. Bc4 Rhe8 39. a5 1-0